|
|
|
|
| LEADER |
00000cam a2200000 7i4500 |
| 001 |
0000002431 |
| 005 |
20130204093000.0 |
| 008 |
021118s1986 |
| 020 |
|
|
|a 0406503303
|
| 050 |
0 |
0 |
|a d60 KD1495
|b .C6 1986
|
| 090 |
0 |
0 |
|a d60 KD1495
|b .C6 1986
|
| 100 |
0 |
|
|a Courtney, Brian ,
|e author
|
| 245 |
0 |
0 |
|a Trust taxation manual
|c Brian Courtney
|
| 260 |
2 |
|
|a London :
|b Butterworths ,
|c 1986-
|
| 300 |
|
|
|a xvii, 162 p. ; ;
|c 22 cm.
|
| 500 |
|
|
|a Includes index
|
| 650 |
|
0 |
|a Trusts and taxation
|z England
|x Taxation
|
| 650 |
|
0 |
|a Trusts and trustees
|z England
|x Accounting
|
| 999 |
|
|
|a 1000012594
|b Book
|c Open Shelf (7 days)
|e Gong Badak Campus
|